<?xml version="1.0" encoding="UTF-8"?><?xml-stylesheet type="text/xsl" href="static/style.xsl"?><OAI-PMH xmlns="http://www.openarchives.org/OAI/2.0/" xmlns:xsi="http://www.w3.org/2001/XMLSchema-instance" xsi:schemaLocation="http://www.openarchives.org/OAI/2.0/ http://www.openarchives.org/OAI/2.0/OAI-PMH.xsd"><responseDate>2026-04-14T03:09:25Z</responseDate><request verb="GetRecord" identifier="oai:www.recercat.cat:20.500.12327/1609" metadataPrefix="marc">https://recercat.cat/oai/request</request><GetRecord><record><header><identifier>oai:recercat.cat:20.500.12327/1609</identifier><datestamp>2025-10-22T11:26:45Z</datestamp><setSpec>com_2072_4428</setSpec><setSpec>com_2072_4427</setSpec><setSpec>col_2072_487898</setSpec></header><metadata><record xmlns="http://www.loc.gov/MARC21/slim" xmlns:dcterms="http://purl.org/dc/terms/" xmlns:xsi="http://www.w3.org/2001/XMLSchema-instance" xmlns:doc="http://www.lyncode.com/xoai" xsi:schemaLocation="http://www.loc.gov/MARC21/slim http://www.loc.gov/standards/marcxml/schema/MARC21slim.xsd">
   <leader>00925njm 22002777a 4500</leader>
   <datafield ind2=" " ind1=" " tag="042">
      <subfield code="a">dc</subfield>
   </datafield>
   <datafield ind2=" " ind1=" " tag="720">
      <subfield code="a">Boukid, Fatma</subfield>
      <subfield code="e">author</subfield>
   </datafield>
   <datafield ind2=" " ind1=" " tag="720">
      <subfield code="a">Gagaoua, Mohammed</subfield>
      <subfield code="e">author</subfield>
   </datafield>
   <datafield ind2=" " ind1=" " tag="260">
      <subfield code="c">2022-01-08</subfield>
   </datafield>
   <datafield ind2=" " ind1=" " tag="520">
      <subfield code="a">Vegan eggs are designed with the aim to provide a healthier and more sustainable alternative to regular eggs. The major drivers of this industry are the increasing prevalence of egg allergies, awareness towards environmental sustainability, and the shift to vegan diets. This study intends to discuss, for the first time, the vegan egg market, including their formulation, nutritional aspects, and some applications (i.e., mayonnaise and bakery products). Recreating the complete functionality of eggs using plant-based ingredients is very challenging due to the complexity of eggs. Current, but scarce, research in this field is focused on making mixtures of plant-based ingredients to fit specific food formulations. Nutritionally, providing vegan eggs with similar or higher nutritional value to that of eggs can be of relevance to attract health-conscious consumers. Claims such as clean labels, natural, vegan, animal-free, gluten-free, and/or cholesterol-free can further boost the position of vegan eggs in the market in the coming year. At present, this market is still in its infancy stages, and clear regulations of labeling, safety, and risk assessment are deemed mandatory to organize the sector, and protect consumers.</subfield>
   </datafield>
   <datafield ind1="8" ind2=" " tag="024">
      <subfield code="a">Boukid, Fatma, and Mohammed Gagaoua. 2022. "Vegan Egg: A Future-Proof Food Ingredient?". Foods 11 (2): 161. doi:10.3390/foods11020161.</subfield>
   </datafield>
   <datafield ind1="8" ind2=" " tag="024">
      <subfield code="a">2304-8158</subfield>
   </datafield>
   <datafield ind1="8" ind2=" " tag="024">
      <subfield code="a">http://hdl.handle.net/20.500.12327/1609</subfield>
   </datafield>
   <datafield ind1="8" ind2=" " tag="024">
      <subfield code="a">https://doi.org/10.3390/foods11020161</subfield>
   </datafield>
   <datafield ind2="0" ind1="0" tag="245">
      <subfield code="a">Vegan Egg: A Future-Proof Food Ingredient?</subfield>
   </datafield>
</record></metadata></record></GetRecord></OAI-PMH>